000 00758nam a22001577a 4500
003 OSt
005 20150916181202.0
008 150916b xxu||||| |||| 00| 0 eng d
040 _cRUA
082 _aAGR BAN 2004 B029 Or.1
100 _9631
_aBAN RATTANAK
245 _aExperimentation of nitrogen fertiliz influen ondt 84 variety soybean on royal university of agriculture condition,(ការពិសោធន៍ពីឥទ្ធិពលជីអាសូតលើដំណាំសណ្ដែកសៀងពូជដេតេ ៨៤​ក្នុងលក្ខខ័ណ្ឌសាកលវីទ្យាល័យភូមិន្ទកសិកម្ម)
260 _aphnom penh
_bRUA
_c2004
300 _axiii,61p.
_cill.
_g29cm.
942 _2ddc
_cAGR
999 _c605
_d605